| 000 | 00000nam##2200000za#4500 |
| 001 | 9.646762 |
| 003 | CaOODSP |
| 005 | 20200330133234 |
| 007 | ta |
| 008 | 150407|1997||||xxc||||| f|0| 0 eng|d |
| 020 | |a0-662-26282-4 |
| 040 | |aCaOODSP|beng |
| 043 | |an-cn--- |
| 086 | 1 |aFs1-61/2-1997E |
| 110 | 1 |aCanada.|bDepartment of Fisheries and Oceans. |bFisheries Resource Conservation Council. |
| 245 | 10|a1998 conservation requirements for the Scotian Shelf and Bay of Fundy groundfish stocks |
| 260 | |aOttawa - Ontario : |bFisheries and Oceans Canada. |c1997. |
| 300 | |a51p. : |bfigs., graphs, tables ; |c28 cm. |
| 563 | |aSoftcover |
| 590 | |a98-03|b1998-01-16 |
| 775 | 08|tImpératifs de conservation des stocks de poisson de fond de la plate-forme Scotian et de la baie de Fundy |w(CaOODSP)9.680277 |
| 776 | 0#|t1998 conservation requirements for the Scotian Shelf and Bay of Fundy groundfish stocks : |w(CaOODSP)9.696854 |
| 986 | |aFRCC 97.R.6 |